000 00689nam a2200289Ia 4500
005 20260324135125.0
008 008 260324s9999 xx 000 0 eng d
020 _a9780203037010
037 _aEBOOK
040 _aCRL
040 _beng
040 _cCRL
041 _2eng
041 _aeng
084 _qCRL
100 _aEyal Ben-Ari; John Clammer
_91199428
245 0 _aJapan in Singapore
245 0 _bCultural Occurrences and Cultural Flows
260 _bTaylor and Francis
260 _c2000
365 _a
365 _b145
856 _uhttp://www.taylorfrancis.com/books/9780203037010
942 _cEBOOK
999 _c1800180
_d1800180